[Event "Baltic Zonal III Stage 2018"]
[Site "Liepaja"]
[Date "2018.07.13"]
[Round "7"]
[White "Haavamae, Henrik"]
[Black "Chukavin, Kirill"]
[Result "1/2-1/2"]
[WhiteElo "2185"]
[BlackElo "2303"]
[Annotator "NA"]
[PlyCount "134"]
[EventDate "2018.07.09"]
[EventType "swiss"]
[EventCountry "LAT"]
[SourceTitle "playchess.com"]
[Source "ChessBase"]
[SourceQuality "1"]
[TimeControl "5400+30"]

1. e4 {[%emt 0:01:34]} c5 {[%emt 0:00:00]} 2. Nf3 {[%emt 0:00:08]} e6 {[%emt 0:00:00]} 3. d4 {[%emt 0:00:11]} cxd4 {[%emt 0:00:00]} 4. Nxd4 {[%emt 0:00:05]} Nf6 {[%emt 0:00:22]} 5. Nc3 {[%emt 0:00:11]} d6 {[%emt 0:00:12]} 6. g4 {[%emt 0:00:20]} h6 {[%emt 0:00:08]} 7. h4 {[%emt 0:00:43]} Nc6 {[%emt 0:00:16]} 8. Rg1 {[%emt 0:00:27]} d5 {[%emt 0:00:19]} 9. exd5 {[%emt 0:00:25]} Nxd5 {[%emt 0:00:08]} 10. Nxd5 {[%emt 0:00:21]} Qxd5 {[%emt 0:00:28]} 11. Bg2 {[%emt 0:00:22]} Qa5+ {[%emt 0:08:37]} 12. Bd2 {[%emt 0:02:06]} Qe5+ {[%emt 0:01:46]} 13. Be3 {[%emt 0:00:07]} Bd7 {[%emt 0:09:59]} 14. Nxc6 {[%emt 0:01:49]} Bxc6 {[%emt 0:00:33]} 15. Bxc6+ {[%emt 0:00:13]} bxc6 {[%emt 0:00:06]} 16. Qd4 {[%emt 0:00:17]} Qxd4 {[%emt 0:00:42]} 17. Bxd4 {[%emt 0:00:46]} c5 {[%emt 0:03:18]} 18. Bc3 {[%emt 0:00:16]} Rd8 {[%emt 0:03:04]} 19. Ke2 {[%emt 0:02:30]} Rd5 {[%emt 0:03:05]} 20. Rad1 {[%emt 0:05:43]} f6 {[%emt 0:06:58]} 21. f4 {[%emt 0:06:50]} Bd6 {[%emt 0:05:11]} 22. Kf3 {[%emt 0:13:08]} Kd7 {[%emt 0:04:05]} 23. b3 {[%emt 0:07:21]} Kc6 {[%emt 0:06:18]} 24. Bb2 {[%emt 0:03:03]} Rxd1 {[%emt 0:18:46]} 25. Rxd1 {[%emt 0:00:05]} h5 {[%emt 0:00:04]} 26. Rh1 {[%emt 0:07:48]} a6 {[%emt 0:06:19]} 27. c4 {[%emt 0:03:56]} Kd7 {[%emt 0:01:07]} 28. Rg1 {[%emt 0:02:55]} hxg4+ {[%emt 0:00:53]} 29. Rxg4 {[%emt 0:01:55]} Kc6 {[%emt 0:02:51]} 30. Kg3 {[%emt 0:02:29]} Rh7 {[%emt 0:02:34]} 31. Rg6 {[%emt 0:01:47]} Kd7 {[%emt 0:00:55]} 32. h5 {[%emt 0:14:56]} Ke7 {[%emt 0:00:55]} 33. Rg4 {[%emt 0:00:54]} Kf7 {[%emt 0:03:13]} 34. Rh4 {[%emt 0:00:27]} Rh6 {[%emt 0:01:48]} 35. Rh1 {[%emt 0:04:07]} Be7 {[%emt 0:06:10]} 36. Kg4 {[%emt 0:04:48]} Rh8 {[%emt 0:03:29]} 37. Rg1 {[%emt 0:07:20]} Rd8 {[%emt 0:01:02]} 38. Rg2 {[%emt 0:00:19]} Rd1 {[%emt 0:01:18]} 39. f5 {[%emt 0:01:12]} Re1 {[%emt 0:00:02]} 40. fxe6+ {[%emt 0:00:35]} Kxe6 {[%emt 0:00:02]} 41. Bc3 {[%emt 0:01:20]} Rf1 {[%emt 0:01:01]} 42. Re2+ {[%emt 0:00:47]} Kf7 {[%emt 0:00:01]} 43. Rg2 {[%emt 0:02:58]} Bd6 {[%emt 0:01:09]} 44. Bd2 {[%emt 0:01:47]} f5+ {[%emt 0:00:21]} 45. Kh4 {[%emt 0:00:09]} Be7+ {[%emt 0:00:55]} 46. Kg3 {[%emt 0:00:23]} Rh1 {[%emt 0:00:13]} 47. Kf4 {[%emt 0:01:04]} Rxh5 {[%emt 0:00:06]} 48. Ke5 {[%emt 0:00:15]} g6 {[%emt 0:02:05]} 49. Kd5 {[%emt 0:00:25]} f4+ {[%emt 0:00:27]} 50. Ke4 {[%emt 0:00:41]} g5 {[%emt 0:00:15]} 51. Kf5 {[%emt 0:00:27]} Rh6 {[%emt 0:00:23]} 52. Bc3 {[%emt 0:00:20]} Bf6 {[%emt 0:00:53]} 53. Ba5 {[%emt 0:00:36]} Rh3 {[%emt 0:00:57]} 54. Rd2 {[%emt 0:00:46]} Re3 {[%emt 0:00:18]} 55. Bc7 {[%emt 0:00:26]} Re7 {[%emt 0:00:31]} 56. Bb8 {[%emt 0:00:32]} Rb7 {[%emt 0:00:33]} 57. Bd6 {[%emt 0:00:33]} Rd7 {[%emt 0:00:17]} 58. b4 {[%emt 0:00:07]} cxb4 {[%emt 0:00:20]} 59. c5 {[%emt 0:00:22]} Be7 {[%emt 0:00:21]} 60. Bxf4 {[%emt 0:00:52]} Rxd2 {[%emt 0:01:19]} 61. Bxd2 {[%emt 0:00:02]} Bxc5 {[%emt 0:00:12]} 62. Bxg5 {[%emt 0:00:20]} a5 {[%emt 0:00:07]} 63. Ke5 {[%emt 0:00:25]} a4 {[%emt 0:00:29]} 64. Bc1 {[%emt 0:00:33]} a3 {[%emt 0:00:30]} 65. Kd5 {[%emt 0:00:13]} b3 {[%emt 0:00:14]} 66. axb3 {[%emt 0:00:32]} a2 {[%emt 0:00:05]} 67. Bb2 {[%emt 0:00:05]} Be7 {[%emt 0:00:17]} 1/2-1/2

[Event "Baltic Zonal III Stage 2018"]
[Site "Liepaja"]
[Date "2018.07.13"]
[Round "7"]
[White "Vicas, Marijus"]
[Black "Brazdzionis, Andrius"]
[Result "1/2-1/2"]
[WhiteElo "2183"]
[BlackElo "2252"]
[Annotator "NA"]
[PlyCount "31"]
[EventDate "2018.07.09"]
[EventType "swiss"]
[EventCountry "LAT"]
[SourceTitle "playchess.com"]
[Source "ChessBase"]
[SourceQuality "1"]
[TimeControl "5400+30"]

1. e4 {[%emt 0:00:00]} d6 {[%emt 0:00:00]} 2. d4 {[%emt 0:00:00]} Nf6 {[%emt 0:00:00]} 3. Nc3 {[%emt 0:00:00]} g6 {[%emt 0:00:00]} 4. Be3 {[%emt 0:00:04]} c6 {[%emt 0:00:05]} 5. Qd2 {[%emt 0:00:05]} Nbd7 {[%emt 0:00:05]} 6. Nf3 {[%emt 0:00:25]} Bg7 {[%emt 0:00:18]} 7. Bh6 {[%emt 0:00:14]} O-O {[%emt 0:00:10]} 8. h4 {[%emt 0:06:58]} e5 {[%emt 0:00:12]} 9. dxe5 {[%emt 0:04:45]} dxe5 {[%emt 0:04:54]} 10. O-O-O {[%emt 0:03:16]} Qe7 {[%emt 0:01:02]} 11. Bxg7 {[%emt 0:06:13]} Kxg7 {[%emt 0:00:05]} 12. Bd3 {[%emt 0:01:36]} Nc5 {[%emt 0:02:43]} 13. Qg5 {[%emt 0:00:45]} Re8 {[%emt 0:00:24]} 14. h5 {[%emt 0:01:44]} h6 {[%emt 0:07:53]} 15. Qg3 {[%emt 0:05:56]} g5 {[%emt 0:01:19]} 16. Kb1 {[%emt 0:09:36]} 1/2-1/2

[Event "Baltic Zonal III Stage 2018"]
[Site "Liepaja"]
[Date "2018.07.14"]
[Round "8"]
[White "Kovalenko, Igor"]
[Black "Samolins, Vitalijs"]
[Result "1-0"]
[WhiteElo "2624"]
[BlackElo "2400"]
[Annotator "TA"]
[PlyCount "91"]
[EventDate "2018.07.09"]
[EventType "swiss"]
[EventCountry "LAT"]
[SourceTitle "playchess.com"]
[Source "ChessBase"]
[SourceQuality "1"]

{[%evp 11,91,31,40,20,56,60,60,57,109,102,100,88,89,83,114,97,116,54,94,62,81,22,45,35,36,28,57,37,44,43,54,45,104,114,103,112,114,111,110,103,103,103,118,92,106,104,110,104,105,96,366,354,323,311,397,404,433,412,372,350,595,591,597,599,549,429,634,634,630,620,603,583,921,935,781,786,900,843,1178,1214,1646,1696]} 1. d4 f5 2. c4 Nf6 3. Nc3 g6 4. Nf3 Bg7 5. Bf4 d6 6. e3 Nh5 {LiveBook: 7 Games. A85: Dutch Defence: 2 c4 Nf6 3 Nc3} (6... c6 7. h3 O-O 8. Bh2 h6 9. Be2 Be6 10. O-O Nbd7 11. Qc2 Bf7 12. Rad1 Re8 13. Rfe1 Qb6 14. b3 a5 15. Bf1 Rad8 {1-0 (35) Le,Q (2737)-Ivanchuk,V (2726) Huaian 2017}) 7. h4 Nxf4 8. exf4 c5 $146 {White is slightly better.} ({Predecessor:} 8... O-O 9. c5 dxc5 10. Bc4+ e6 11. dxc5 Qe7 12. h5 Qxc5 13. Qe2 Re8 14. hxg6 hxg6 {1-0 (46) Bauland,T-Hamann,N Germany 1991}) 9. dxc5 Qa5 (9... dxc5 $14 10. Qxd8+ Kxd8) 10. cxd6 $16 Bxc3+ 11. bxc3 Qxc3+ 12. Nd2 Nc6 13. Rh3 Qd4 14. h5 (14. dxe7 $16 Qxf4 15. Re3) 14... Be6 15. Nb3 Qf6 16. c5 (16. dxe7 $16 {And now Rb1 would win.} Kxe7 17. Qf3) 16... O-O 17. Bb5 Rad8 18. Rc1 Bf7 {[%cal Re7d6]} 19. hxg6 hxg6 {[%cal Re7d6]} 20. Bxc6 bxc6 21. Qd4 $36 {[%mdl 2048] [#] Threatens to win with Qxf6. White fights for an advantage.} Qxd4 (21... Bd5 $14) 22. Nxd4 exd6 23. Nxc6 Rde8+ 24. Kf1 dxc5 25. Rxc5 Bxa2 26. Ra3 Bf7 27. f3 Kg7 28. Rxa7 {aiming for Ne5.} Rc8 29. Kf2 Rfe8 30. Kg3 Re6 $2 {[%mdl 8192]} (30... Rg8 $16 {was worth a try.} 31. Kf2 Rgf8) 31. Nd4 $18 Ree8 32. Rb5 Ra8 33. Rd7 Ra6 34. Rbb7 Rf8 {Black hopes to continue with ...Kf6.} 35. Rbc7 Kf6 $2 {[#]} (35... Kg8 36. Kh3 Rf6) 36. Nc6 $1 {[%cal Rc6e5] White is clearly winning.} Be6 37. Rd6 Re8 38. Rcd7 g5 (38... Rb6 $142 39. Ra7 g5) 39. Nd4 gxf4+ 40. Kxf4 Ra4 {If Black can now play ...Rxd4+ this consolidates a bit.} 41. Rc7 Rb4 42. Ra7 Rc4 43. g3 Rb4 44. Ke3 Rb1 45. Raa6 Re1+ 46. Kf4 {Precision: White = 78%, Black = 38%.} 1-0

[Event "Baltic Zonal III Stage 2018"]
[Site "Liepaja"]
[Date "2018.07.14"]
[Round "8"]
[White "Neiksans, Arturs"]
[Black "Kanep, Meelis"]
[Result "1-0"]
[WhiteElo "2567"]
[BlackElo "2440"]
[Annotator "TA"]
[PlyCount "49"]
[EventDate "2018.07.09"]
[EventType "swiss"]
[EventCountry "LAT"]
[SourceTitle "playchess.com"]
[Source "ChessBase"]
[SourceQuality "1"]

{[%evp 11,49,13,14,11,5,15,8,0,28,0,129,140,123,135,161,143,186,200,312,328,320,337,597,600,711,723,668,667,853,781,872,930,909,875,771,589,585,604,566,592]} 1. e4 c5 2. Nf3 d6 3. Bb5+ Nd7 4. a4 a6 (4... Ngf6 5. Nc3 a6 6. Be2 b6 7. O-O Bb7 8. Re1 g6 9. d4 cxd4 10. Nxd4 Bg7 11. Bg5 h6 12. Bh4 O-O 13. Bc4 {1-0 (36) Jones,G (2651)-Inarkiev,E (2684) Batumi 2018}) 5. Bc4 e6 6. Nc3 {B51: Sicilian: Moscow Variation (3 Bb5+) without 3...Bd7} Ngf6 {LiveBook: 14 Games} 7. d4 cxd4 8. Nxd4 {The position is equal.} Nc5 $146 ({Predecessor:} 8... Be7 9. Bxe6 fxe6 10. Nxe6 Qa5 11. Nxg7+ Kf7 12. Nf5 {½-½ (30) Feliciano Ebert,V (2197)-Alboredo,J (2124) Rio de Janeiro 2018}) 9. Qe2 Qc7 10. O-O b6 (10... Be7 $11) 11. b4 $16 Ncd7 {[#] Strongly threatening ...Ne5.} 12. Bb2 Ne5 13. Bb3 $36 {[%mdl 2048] Keeping Black busy.} Be7 14. f4 Nc6 (14... O-O $142 15. fxe5 dxe5) 15. Qc4 $18 Kd7 16. e5 Ne8 $2 {[#]} (16... Nxe5 17. fxe5 Qxc4 18. Bxc4 dxe5) 17. f5 {White is clearly winning.} Nxd4 18. Qxd4 Kd8 19. fxe6 fxe6 20. exd6 Bxd6 21. Ne4 Bd7 22. Nxd6 Qxd6 23. Qxd6 Nxd6 24. Rad1 Ke7 25. Bxg7 {Precision: White = 84%, Black = 44%.} 1-0

[Event "Baltic Zonal III Stage 2018"]
[Site "Liepaja"]
[Date "2018.07.14"]
[Round "8"]
[White "Kulaots, Kaido"]
[Black "Sulskis, Sarunas"]
[Result "1/2-1/2"]
[WhiteElo "2555"]
[BlackElo "2507"]
[Annotator "TA"]
[PlyCount "52"]
[EventDate "2018.07.09"]
[EventType "swiss"]
[EventCountry "LAT"]
[SourceTitle "playchess.com"]
[Source "ChessBase"]
[SourceQuality "1"]

{[%evp 14,52,59,28,48,33,87,92,90,86,83,51,50,16,16,3,5,0,15,15,14,14,14,13,16,23,12,12,8,4,5,4,5,0,0,0,0,0,0,0,0]} 1. e4 e5 2. Nf3 Nf6 3. Nxe5 d6 4. Nf3 Nxe4 5. d4 d5 6. Bd3 Be7 7. O-O Bf5 {C42: Petroff Defence: 3 Nxe5 and unusual White 3rd moves} 8. Ne5 {[%cal Bf3e5,Be5g4,Bg4e3][%mdl 32] LiveBook: 4 Games} f6 $146 ({Predecessor:} 8... Nd7 9. Ng4 Ndf6 10. Ne3 Be6 11. f3 Nd6 12. b3 Qd7 13. Re1 O-O 14. c4 {1-0 (49) Svidler,P (2753)-Yu,Y (2759) Shenzhen 2018}) 9. Ng4 O-O ({Black should try} 9... Bg6 $14) 10. Ne3 $16 Be6 {[#]} 11. c4 $1 {[%cal Rc4d5]} c6 12. cxd5 cxd5 13. Bxe4 dxe4 14. d5 Bf7 15. Nc3 {[%cal Bb1c3,Bc3e4,Be4d6][%mdl 32]} Bc5 16. Nxe4 Bxe3 $1 17. Bxe3 {Strongly threatening Bc5.} Qxd5 18. Nd6 Na6 19. Qxd5 Bxd5 20. Rfd1 {The position is equal.} Bc6 21. Rac1 Rfd8 22. Rd4 Nb4 23. Rxb4 Rxd6 24. Rd4 Rxd4 25. Bxd4 Rd8 26. Bc3 Kf7 {Precision: White = 51%, Black = 62%.} 1/2-1/2

[Event "Baltic Zonal III Stage 2018"]
[Site "Liepaja"]
[Date "2018.07.14"]
[Round "8"]
[White "Meskovs, Nikita"]
[Black "Malisauskas, Vidmantas"]
[Result "0-1"]
[WhiteElo "2540"]
[BlackElo "2432"]
[Annotator "TA RC"]
[PlyCount "132"]
[EventDate "2018.07.09"]
[EventType "swiss"]
[EventCountry "LAT"]
[SourceTitle "playchess.com"]
[Source "ChessBase"]
[SourceQuality "1"]

{[%evp 18,132,54,64,65,66,70,42,43,6,0,-56,-62,-57,-74,-109,-66,-65,-66,-79,-87,-76,-58,-60,-67,-61,-60,-64,-59,-44,-28,-26,-16,-47,-64,-66,0,0,0,0,0,0,0,0,0,0,0,0,0,0,0,0,0,0,0,0,0,0,0,0,0,0,0,0,0,0,10,0,0,0,2,0,0,-12,0,0,0,0,0,-125,-125,-125,-125,-125,-125,-125,-125,-1212,-1184,-1480,-1392,-1761,-2551,-11108,-11284,-6093,-6581,-6605,-5604,-29964,-29966,-29967,-29968,-29967,-29969,-29970,-29971,-29970,-29971,-29971,-29972,-29972,-29973,-29973,-29972,-29968,-29962]} 1. d4 Nf6 2. Nf3 g6 3. Nbd2 d5 4. e3 Bg7 5. b4 O-O 6. Be2 {D02: 1 d4 d5 2 Nf3 sidelines, including 2...Nf6 3 g3 and 2...Nf6 3 Bf4} (6. Bb2 Bf5 7. Be2 Nbd7 8. O-O c6 9. a4 Ne4 10. c4 Re8 11. cxd5 cxd5 12. Nxe4 Bxe4 13. Qb3 {1-0 (32) So,W (2808)-Vachier Lagrave,M (2796) chess.com INT 2017}) 6... b6 7. Bb2 Bb7 8. c4 dxc4 9. Nxc4 Nbd7 10. O-O {LiveBook: 4 Games} Ne4 $146 ({Predecessor:} 10... c5 11. dxc5 bxc5 {0-1 (32) Suarez Gomez,J (2487)-Aguera Naredo,J (2377) Sanxenxo 2018}) 11. Qc2 Rc8 12. Rfd1 Nd6 13. Nce5 c5 14. Qa4 {[#]} (14. Nxd7 $11 cxd4 15. Qa4) 14... b5 $1 $15 {[%cal Rb5a4][%mdl 512]} 15. Qa3 {[%cal Rd4c5]} (15. Bxb5 Nb6) 15... c4 16. d5 Nb6 17. Nc6 $1 {[%cal Rc6d8]} Bxb2 18. Qxb2 Bxc6 19. dxc6 Qc7 ({Much weaker is} 19... Rxc6 20. Nd4 $11) 20. Qe5 Qxc6 21. Qxe7 Nf5 $1 {[%cal Rf5e7]} 22. Qg5 h6 23. Qf4 Qc7 24. Qxc7 Rxc7 25. Nd4 Nxd4 26. Rxd4 Rd7 (26... a5 $15 27. bxa5 Na4) 27. Rxd7 $1 $11 Nxd7 {[%mdl 4096] Endgame KRB-KRN} 28. Rd1 Nb6 29. Kf1 Rc8 30. Ke1 Kf8 31. Bf3 Rc7 32. Rd4 Ke7 33. Kd2 Nd7 34. Kc3 Ne5 35. Rd5 Nxf3 36. gxf3 {KR-KR} a6 37. a4 Rd7 38. Re5+ Kf6 39. Rc5 Rd3+ 40. Kc2 Ra3 41. axb5 axb5 42. Rxb5 Ra2+ 43. Kc3 Rxf2 44. f4 Rxh2 45. Re5 h5 46. b5 {Black must now prevent b6.} Rh1 {aiming for ...h4.} 47. Re8 h4 48. b6 (48. Kc2 $1 $11 Rh2+ 49. Kc3) 48... Rb1 $17 49. Rh8 Rxb6 {And now ...Re6 would win.} 50. Kxc4 {[#]} Kf5 $1 {[%cal Rf5g4] Threatens to win with ...Kg4.} 51. Rxh4 {[#]} Ke4 $1 {[%cal Re4e3]} 52. Rh7 $2 {[%mdl 8192]} (52. f5+ $17 Kxf5 53. Rf4+ Ke6 54. Re4+ Kf6 55. Rf4+ Ke7 56. Kd3) 52... Rb7 $19 53. Rh3 Rd7 54. Kc5 Rd3 55. Rh7 f5 56. Re7+ Kf3 57. Re6 Rxe3 58. Rxg6 Kxf4 {Black mates.} 59. Kd4 Re1 60. Kd3 Kf3 61. Kd2 Re8 62. Rf6 f4 {[%cal Bf5f4,Bf4f3][%mdl 32]} 63. Rf7 Kg3 64. Rg7+ Kf2 65. Kd3 f3 66. Rg6 Kf1 {Precision: White = 52%, Black = 90%.} 0-1

[Event "Baltic Zonal III Stage 2018"]
[Site "Liepaja"]
[Date "2018.07.14"]
[Round "8"]
[White "Kveinys, Aloyzas"]
[Black "Haavamae, Henrik"]
[Result "0-1"]
[WhiteElo "2537"]
[BlackElo "2185"]
[Annotator "TA"]
[PlyCount "138"]
[EventDate "2018.07.09"]
[EventType "swiss"]
[EventCountry "LAT"]
[SourceTitle "playchess.com"]
[Source "ChessBase"]
[SourceQuality "1"]

{[%evp 13,138,41,47,0,7,0,7,10,14,-13,34,31,28,0,69,45,35,29,35,32,25,21,25,30,29,27,37,27,76,56,81,48,58,40,81,30,41,40,64,31,62,5,107,55,76,13,10,0,0,0,0,-69,-70,-77,-80,-105,-102,-103,-53,-115,-122,-126,-126,-100,-7,-247,-172,-260,-188,-205,-162,-165,-174,-295,-249,-285,-265,-297,-294,-270,-281,-364,-345,-345,-310,-363,-362,-191,-36,-48,-5,-5,0,0,0,0,0,0,0,-442,-429,-708,-693,-1183,-997,-29971,-29970,-29968,-7208,-29974,-29972,-29972,-29972,-29971,-29971,-29964,-29959,-29975,-29974,-29979,-29980,-29978,-29977,-29984,-29985,-29984,-29984]} 1. d4 Nf6 2. c4 e6 3. g3 d5 4. Nf3 dxc4 5. Bg2 Nbd7 6. O-O Rb8 7. a4 b6 {LiveBook: 5 Games. E04: Open Catalan: 5 Nf3} (7... a5 8. Nbd2 Nb6 9. Qc2 Nfd5 10. Nxc4 Nb4 11. Qb3 Nxc4 12. Qxc4 c6 13. Bf4 Ra8 14. Rfd1 Be7 15. Ne5 {1-0 (53) Koneru,H (2600)-Portisch,L (2544) Marianske Lazne 2010}) 8. Bg5 $146 ({Predecessor:} 8. Qc2 Bb7 9. Qxc4 c5 10. Nc3 Rc8 11. Bf4 cxd4 12. Qxd4 Bc5 13. Qd3 O-O 14. Bd6 Bxd6 15. Qxd6 {0-1 (40) Meier,V (2284)-Meijers,V (2477) Basel 2018}) 8... Bb7 9. Nbd2 Be7 {The position is equal.} 10. Nxc4 O-O 11. Qd3 Ne4 12. Bf4 Ndf6 13. Nfe5 Rc8 (13... c5 $11) 14. Bg5 Bd5 15. Bxf6 Nxf6 16. Nc6 Bxc6 17. Bxc6 Nd5 $1 18. Rfd1 Nb4 19. Qe4 Nxc6 20. Qxc6 Bd6 21. Rac1 Qe7 22. e4 Rfd8 23. Kg2 Qe8 24. Ne3 (24. Qb7 $16) 24... Qxc6 25. Rxc6 Bb4 26. Kf3 Rd7 27. Rdc1 (27. Nc2 $14 Bd6 28. Ne3) 27... Rcd8 (27... Rxd4 $11 28. Rxc7 Rxc7 29. Rxc7 h5) 28. R1c4 (28. Rxc7 $16 Rxd4 29. Rxa7) 28... Rxd4 $14 29. Rxd4 (29. Rxc7 $16 Rxc4 30. Nxc4) 29... Rxd4 {[%mdl 4096] Endgame KRB-KRN} 30. Nc2 Rd3+ 31. Ke2 $1 {[%cal Re2d3]} Rb3 {Threatens to win with ...Bd6.} 32. Rxc7 (32. Nxb4 $11 Rxb4 33. Rxc7) 32... Rxb2 $15 33. Kd3 Rb3+ 34. Kd4 Bc5+ 35. Kc4 Rf3 36. Ne1 (36. a5 $1 $15) 36... Rxf2 $17 37. Nd3 Rxh2 38. Rxa7 g5 (38... Bf8 $17 39. Kb5 Rd2) 39. a5 $2 (39. Nxc5 $11 {and White stays safe.} bxc5 40. Rc7) 39... Be3 {Hoping for ...b5+!} 40. Ra8+ Kg7 41. a6 h5 42. Nb4 {[#]} b5+ $1 43. Kd3 (43. Kxb5 $142 h4 44. gxh4 gxh4 45. a7) 43... Bc5 $19 44. a7 {Black must now prevent Rg8+!} Kf6 $1 ({Not} 44... Bxb4 45. Rg8+ $3 {[%mdl 512]} Kxg8 46. a8=Q+ Bf8 47. Qd8 $17) 45. e5+ Kxe5 46. Nc6+ Kf6 $1 47. Rh8 {[#]} Bxa7 $1 48. Nxa7 {KRN-KR} b4 49. Nc6 b3 50. Nd4 (50. Rb8 $142 Rh3 51. Ke4 Rxg3 52. Na5) 50... b2 $2 ({Black should play} 50... Rh3 $1 $19 {[%cal Rh3g3]} 51. Ne2 h4) 51. Rb8 $15 Rg2 52. Ne2 Kf5 53. Rxb2 Kg4 54. Ke3 f5 {Strongly threatening ...f4+!} 55. Rb4+ Kh3 56. Rb5 $2 {[%mdl 8192]} (56. Rb3 $11) 56... Rxg3+ $1 $19 57. Nxg3 (57. Kf2 $142 Ra3 58. Rb1) 57... Kxg3 {KR-KP} 58. Ke2 Kg2 $1 59. Re5 h4 60. Kd2 g4 (60... h3 $142 61. Re2+ Kg3 62. Re3+ Kg4 63. Re2 f4 64. Rxe6 h2 65. Rh6 Kg3 66. Ke2 Kg2 67. Rg6 f3+ 68. Ke3 h1=Q 69. Rxg5+ Kf1 70. Rf5 Qg1+ 71. Kxf3 Qd4 72. Rg5 Qf6+ 73. Kg4 Kg2 74. Rf5 Qd4+ 75. Rf4 Qd3 76. Kg5 Qd5+ 77. Rf5 Qd8+ 78. Kg4 Qd7 79. Kg5 Qg7+ 80. Kh5 Kh3 81. Rf3+ Kh2 82. Kh4 Kg2 83. Rf5 Qg3+ 84. Kh5 Kh3 85. Kh6 Qe3+ 86. Kh5 Qe7 87. Rf3+ Kg2 88. Rf5 Kg3 89. Rf6 Qe2+ 90. Kg6 Qg4+ 91. Kf7 Qd7+ 92. Kf8 Kh4 93. Rg6 Qf5+ 94. Kg7 Kh5 95. Rf6 Qd7+ 96. Kf8 Kg5 97. Rf7 Qd8+ 98. Kg7 Qe8 99. Rf1 Qe5+ 100. Kf7 Qd5+ 101. Kf8 Qc5+ 102. Kg7 Qd4+ 103. Kf8 Kg6 104. Ke7 Qe3+ 105. Kd6 Qd3+ 106. Kc5 Qxf1 107. Kd5 Qd3+ 108. Kc5 Kf5 109. Kb6 Ke6 110. Kc5 Kd7 111. Kb6 Kd6 112. Ka5 Kc5 113. Ka4 Qh3 114. Ka5 Qa3#) 61. Re2+ Kf1 {Black mates.} 62. Re1+ Kf2 63. Re2+ Kg3 64. Re3+ Kf4 65. Rxe6 {[#]} h3 $1 {[%cal Bh4h3,Bh3h2][%mdl 32]} 66. Ke2 {[#]} h2 $1 {[%cal Rh2h1]} 67. Rh6 g3 {[%cal Bg4g3,Bg3g2][%mdl 32]} 68. Rh4+ Kg5 69. Rh8 g2 {Precision: White = 28%, Black = 57%.} 0-1

[Event "Baltic Zonal III Stage 2018"]
[Site "Liepaja"]
[Date "2018.07.14"]
[Round "8"]
[White "Kantans, Toms"]
[Black "Pultinevicius, Paulius"]
[Result "0-1"]
[WhiteElo "2529"]
[BlackElo "2395"]
[Annotator "TA"]
[PlyCount "50"]
[EventDate "2018.07.09"]
[EventType "swiss"]
[EventCountry "LAT"]
[SourceTitle "playchess.com"]
[Source "ChessBase"]
[SourceQuality "1"]

{[%evp 28,50,37,42,27,37,30,22,4,10,11,12,16,0,10,0,0,0,0,-16,0,-466,-459,-625,-624]} 1. e4 c6 2. d4 d5 3. Nc3 dxe4 4. Nxe4 Bf5 5. Ng3 Bg6 6. h4 h6 7. Nf3 Nd7 8. h5 Bh7 9. Bd3 Bxd3 10. Qxd3 e6 11. Bd2 Ngf6 12. O-O-O Be7 13. Ne4 Qb6 {B19: Classical Caro-Kann: 4...Bf5 main line} 14. Nxf6+ Nxf6 15. Ne5 {LiveBook: 10 Games} O-O {White is slightly better.} 16. g4 {[#] aiming for g5.} Rad8 17. g5 {[#]} Rxd4 $146 ({Predecessor:} 17... hxg5 18. h6 Qxd4 19. Ng6 fxg6 20. Qxg6 Nh7 21. Qxe6+ Rf7 22. hxg7 Bf6 23. Qb3 Qb6 24. Qa3 Rfd7 25. Qf8+ {0-1 (26) Corrales Jimenez,F (2597)-Kogan,A (2535) Zaragoza 2010}) 18. gxf6 Rxd3 19. fxe7 Rd5 20. exf8=Q+ Kxf8 21. f4 Kg8 22. Rh2 f6 $36 {[%mdl 2048] Black has some pressure.} 23. Nd3 Qb5 24. Rg1 $2 {[%mdl 8192] [#]} (24. Re2 $11 {and White is okay.}) 24... Rxd3 $1 $19 25. Bc3 Rf3 0-1

[Event "Baltic Zonal III Stage 2018"]
[Site "Liepaja"]
[Date "2018.07.14"]
[Round "8"]
[White "Ladva, Ottomar"]
[Black "Bernotas, Arturs"]
[Result "1-0"]
[WhiteElo "2498"]
[BlackElo "2413"]
[Annotator "TA"]
[PlyCount "97"]
[EventDate "2018.07.09"]
[EventType "swiss"]
[EventCountry "LAT"]
[SourceTitle "playchess.com"]
[Source "ChessBase"]
[SourceQuality "1"]

{[%evp 13,97,50,36,45,68,5,54,47,48,39,64,61,54,60,96,108,84,94,97,86,83,83,73,67,75,56,63,60,97,105,135,81,80,79,110,104,119,112,93,112,112,99,238,231,227,237,243,228,236,243,258,262,262,237,260,260,320,302,360,357,485,388,454,441,457,473,481,475,477,454,463,457,539,538,587,589,798,790,774,778,875,809,29991,6309,5389,856]} 1. c4 e6 2. Nf3 Nf6 3. g3 d5 4. d4 dxc4 5. Bg2 Nbd7 6. O-O Rb8 7. a4 b6 {LiveBook: 5 Games. E04: Open Catalan: 5 Nf3} (7... a5 8. Nbd2 Nb6 9. Qc2 Nfd5 10. Nxc4 Nb4 11. Qb3 Nxc4 12. Qxc4 c6 13. Bf4 Ra8 14. Rfd1 Be7 15. Ne5 {1-0 (53) Koneru,H (2600)-Portisch,L (2544) Marianske Lazne 2010}) 8. Nfd2 {[%cal Bf3d2,Bd2c4,Bc4e5][%mdl 32]} Ba6 9. Qc2 (9. Nc3 $14) 9... Bb4 $146 {The position is equal.} ({Predecessor:} 9... c5 10. Nxc4 Rc8 11. Nbd2 cxd4 12. b3 Be7 13. Bb2 e5 14. Qf5 Bb4 15. Rfc1 {0-1 (27) Moellmann,H-Vorwerk,H DDR 1990}) 10. Nxc4 O-O 11. Rd1 Qe7 12. Nba3 Bb7 13. Nb5 Bxg2 14. Kxg2 Rb7 15. Ne5 {[#] Black must now prevent Nc6.} Nb8 16. Bg5 a6 17. Nc3 h6 18. Bxf6 Qxf6 19. Qe4 Ra7 $1 20. Rac1 Rd8 21. d5 Bd6 22. dxe6 (22. Nc4 $142) 22... Qxe6 $16 23. Nc4 $36 {[%mdl 2048] White is in control.} Qxe4+ 24. Nxe4 Be7 25. Rxd8+ Bxd8 26. Nxb6 Rb7 27. Nc4 f5 (27... Rb4 $16 {might work better.}) 28. Nc5 $18 Rb4 29. b3 Be7 30. Na5 Rb6 31. Nd3 Bd6 32. Nf4 Bb4 33. Nc4 Rb7 34. Rd1 c6 35. Ne3 Bc5 36. Nxf5 Rxb3 37. Ne6 Ba3 38. Nexg7 c5 39. Ne6 Kf7 40. Nf4 c4 41. Nxh6+ Ke8 42. Rd4 c3 43. Rc4 Bb4 44. Nd5 a5 45. g4 Kd7 46. g5 Nc6 47. g6 {Strongly threatening g7.} Ne5 48. g7 (48. Rc7+ $142 Kd6 49. g7 Ng6 50. g8=Q Nh4+ 51. Kg3 c2+ 52. Kxh4 Rh3+ 53. Kxh3) 48... Nxc4 49. Nxc3 {Precision: White = 73%, Black = 43%.} (49. g8=Q $142 Nd2 {[#]} 50. e4 $1 {[%mdl 512]} Nxe4 51. Qh7+ Kd6 52. Qxe4) 1-0